000
00305nam a2200133Ia 4500
008
190216s9999||||xx |||||||||||||| ||und||
100
_a
Satya Prakash
245
0
_a
Advanced Quantum Mechanics
250
_a
1st Ed.
260
_b
Null
_c
1988
300
_a
720
650
_a
Chemistry-Chemistry
942
_c
BK
999
_c
2631
_d
2631